El síndrome autista : Un acercamiento a sus características y generalidades /

En este artículo se presentan aspectos generales sobre el Síndrome del Autismo, se mencionan algunas propuestas etiológicas, los aspectos clínicos relacionados con el Síndrome, entre los que se incluyen algunas definiciones y descripciones propuestas por investigadores y científicos, y manuales psiq...

Descrición completa

Detalles Bibliográficos
Autor Principal: Soto Calderón, Ronald
Formato: Artigo
Idioma:Lingua castelá
Publicado: San José, Costa Rica : Editorial Universidad de Costa Rica, 2002
Subjects:

MARC

LEADER 00000nab a22000007a 4500
005 20160317163829.0
008 150730b2002 cr f|||| |||| 00| 0 spa d
090 |a REVIS 06.02.01 
100 1 |9 205  |a Soto Calderón, Ronald 
245 1 3 |a El síndrome autista : Un acercamiento a sus características y generalidades /  |c Ronald Soto Calderón 
260 |a San José, Costa Rica :  |b Editorial Universidad de Costa Rica,  |c 2002 
300 |a páginas 47-62 
520 |a En este artículo se presentan aspectos generales sobre el Síndrome del Autismo, se mencionan algunas propuestas etiológicas, los aspectos clínicos relacionados con el Síndrome, entre los que se incluyen algunas definiciones y descripciones propuestas por investigadores y científicos, y manuales psiquiátricos, de los cuales se extraen los criterios propuestos para un diagnóstico del Síndrome. Por otro lado, se escribe un apartado sobre la planificación de la acción correctiva a partir de un diagnóstico, en donde se respeta la individualidad de la persona, se hace referencia a los aspectos familiares, los aspectos educativos, y a diferentes aspectos relacionados con el diagnóstico, los servicios, y los tratamientos en nuestro país. También se menciona la epidemiología del Síndrome y su pronóstico. Se presenta además, un cuadro donde se resumen las características del Síndrome Autista. De esta manera se considera importante que las personas que interactúan con las personas portadoras del Síndrome del Autismo, conozcan sobre este síndrome y la forma en que pueden ser apoyadas en su proceso de desarrollo, desde una visión más interdisciplinaria 
650 1 4 |9 1  |a EDUCACIÓN 
773 0 |d San José, Costa Rica : Editorial de la Universidad de Costa Rica, 1997-  |o R0060  |t EDUCACIÓN: Revista de la Universidad de Costa Rica  |g Vol.26, no.1 (2002) 
942 |h REVIS 06.02.01   |2 z  |c 10 
999 |c 2744  |d 2744